zpět

Detail výsledku týmu

Hells Bells Beer Pub, Praha

Datum a čas kvízu

30.5 Celkem bodů Celkový počet nahraných bodů na tomto kvízu bez doplňovacích otázek.
4. Pořadí na kvízu Konečné umístění týmu na tomto kvízu.

Zaznamenané odpovědi

# Otázka Odpověď Body Výsledky
1. Z kandidátky Pirátů pro komuná... 1
2. Ruský prezident Vladimir Putin... 1
3. Výtvarnice Kateřina Milerová n... 1
4. Britský Rolls-Royce byl jedním... 0
5. Naše mužská reprezentace se v... 1
6. Míváte občas strach, když proc... 0
7. Navážeme ještě na předchozí ot... 1
8. Bermudský trojúhelník má nedob... 0
9. Dálnice D1 dokáže řidičům také... 0
10. Na fotce vidíme ostrov Bikini,... 1